000 00948nas a2200301 4500
001 BR2012001069
003 BR-BrBNA
005 20231205120219.0
007 ta
008 230509b bl.|||p| |||| 00| 00por d
040 _aBR-BrBNA
_bpor
_cBiblioteca Nacional de Agricultura
041 _a(Pt)
072 _aF50; K10
100 1 _aRamos, L.M.A.
100 1 _aLatorraca, J.V. de F.
100 1 _aPastro, M.S.
100 1 _aSouza, M.T. de
100 1 _aGarcia, R.A.
100 1 _aCarvalho, A.M. de
245 1 _aVariação radial dos caracteres anatômicos da madeira de Eucalyptus grandis W. Hill Ex Maiden e idade de transição entre lenho juvenil e adulto
650 _aANATOMIA
650 _aMADEIRA
650 _aEUCALIPTO
650 _aXILEMA
773 0 _tScientia Forestalis (Brazil)
_xISSN 1413-9324
_g(Dec 2011), v. 39(92) p. 411-418
_wBR2012001069
909 _a202311
_bLúcia
_c55
_dLúcia Elande
942 _2AGRIS
_n0
_cANA
999 _c217473
_d217473